[Event "Novi Sad ol (Men)"]
[Site "Novi Sad"]
[Date "1990.??.??"]
[Round "12"]
[White "Gruenfeld, Yehuda"]
[Black "McNab, Colin Anderson"]
[Result "1/2-1/2"]
[WhiteElo "2530"]
[BlackElo "2385"]

1.e4 g6 2.d4 d6 3.Nc3 Bg7 4.f4 Nc6 5.Be3 Nf6 6.Nf3 O-O 7.Be2 e6 8.Qd2 b6
9.O-O-O Bb7 10.Rhe1 Ne7 11.Bd3 c5 12.dxc5 bxc5 13.Bf2 Rb8 14.e5 Bxf3 15.gxf3 Nfd5
16.Nxd5 exd5 17.c4 dxe5 18.fxe5 Nc6 19.f4 Nd4 20.Bxd4 cxd4 21.Kb1 dxc4 22.Bxc4 Qh4
23.Re4 Rbd8 24.Qe2 Qe7 25.Rexd4 Rxd4 26.Rxd4 g5 27.fxg5 Qxg5 28.Rg4 Qh6 29.a3 Kh8
30.Re4 Qg5 31.Ka2 h6 32.Qf2 Bxe5 33.Qc5 Bg7 34.Qxa7 Bxb2 35.Qe7 Bg7 36.Qxg5 hxg5
37.Rg4 Bh6 38.a4 f5 39.Rd4 g4 40.a5 Be3 41.Rd7 Bf4 42.a6 Bxh2 43.a7 Bg1 44.Rf7  1/2-1/2

[Event "Novi Sad ol (Men)"]
[Site "Novi Sad"]
[Date "1990.??.??"]
[Round "12"]
[White "Leow Leslie M"]
[Black "Marquez, Raul"]
[Result "1-0"]
[WhiteElo "2455"]
[BlackElo "2255"]

1.e4 g6 2.d4 Bg7 3.Nc3 d6 4.Nf3 Nf6 5.h3 O-O 6.Be3 a6 7.a4 d5 8.e5 Ne4 9.Nxe4 dxe4
10.Ng5 c5 11.dxc5 Qc7 12.Bc4 Nc6 13.e6 f5 14.O-O Bxb2 15.Rb1 Bf6 16.Nf7 Nd8
17.Nxd8 Rxd8 18.Qe2 Qe5 19.f4 exf3 20.Qxf3 Bxe6 21.Bxe6+ Qxe6 22.Rxb7 Rac8
23.Bf2 Qd5 24.Qb3 Kf8 25.Re1 Rd7 26.Rxd7 Qxd7 27.Qe6 Qxe6 28.Rxe6 Ra8 29.Rb6 Ke8
30.Kf1 Kd7 31.Ke2 Be5 32.Rb7+ Ke6 33.Bh4 Bf6 34.Bxf6 Kxf6 35.Kd3 h5 36.Kc4 Rc8
37.Rb6+ Kf7 38.c6 Ke6 39.Kc5 g5 40.Rb1 f4 41.Re1+ Kf6 42.Kb6 e5 43.Kb7 Re8
44.c7 g4 45.hxg4 hxg4 46.c8=Q Rxc8 47.Kxc8 Kf5 48.Kb7 e4 49.c4 f3 50.gxf3 gxf3
51.c5 f2 52.Rc1 e3 53.c6 e2 54.c7 e1=Q 55.c8=Q+ Kf4 56.Rc4+ Ke5 57.Qc5+ Ke6
58.Qb6+ Kf5 59.Rc5+ Kf4 60.Qf6+ Ke4 61.Qe6+ Kd4 62.Qd6+ Ke3 63.Re5+  1-0

[Event "Novi Sad ol (Men)"]
[Site "Novi Sad"]
[Date "1990.??.??"]
[Round "14"]
[White "Zair, Abdelkarim"]
[Black "Hutchings, Stuart J"]
[Result "0-1"]
[WhiteElo "2205"]
[BlackElo "2320"]

1.e4 g6 2.d4 Bg7 3.Nc3 d6 4.Nf3 Nf6 5.Be2 O-O 6.O-O c6 7.a4 Nbd7 8.h3 Qc7
9.Be3 b6 10.Nd2 Bb7 11.Re1 a6 12.f4 e5 13.dxe5 dxe5 14.f5 b5 15.Bf3 b4 16.Ne2 gxf5
17.exf5 e4 18.Bxe4 Rfe8 19.Bf4 Qb6+ 20.Kh1 Nxe4 21.Nxe4 Rxe4 22.Qxd7 Rd8
23.a5 Rxd7 24.axb6 Rde7 25.Rad1 Bxb2 26.Bh6 Bc3 27.Rd8+ Re8 28.Rxe8+ Rxe8
29.Rd1 Bg7 30.Bxg7 Kxg7 31.Ng3 c5 32.Rd7 Rb8 33.Rc7 Ba8 34.Rxc5 Rxb6 35.Kh2 Rc6
36.Ne4 Rxc5 37.Nxc5 a5 38.g4 Bc6 39.Kg3 a4 40.g5 a3 41.Nb3 a2 42.Kf4 Ba4
43.Na1 Bxc2  0-1

[Event "Novi Sad ol (Men)"]
[Site "Novi Sad"]
[Date "1990.??.??"]
[Round "14"]
[White "Belotti, Bruno"]
[Black "Kassabe, Ezat"]
[Result "1-0"]
[WhiteElo "2435"]
[BlackElo "2275"]

1.e4 d6 2.d4 g6 3.Nc3 Bg7 4.Be3 c6 5.Qd2 Nd7 6.f4 b5 7.Nf3 Nb6 8.b3 Nf6 9.Bd3 O-O
10.h3 a5 11.O-O b4 12.Ne2 Qc7 13.f5 c5 14.Bh6 c4 15.bxc4 Nxc4 16.Qg5 Bb7
17.Ng3 d5 18.Bxg7 Kxg7 19.e5 Ng8 20.fxg6 fxg6 21.Nh5+ Kh8 22.Bxg6 h6 23.Qg3 Ne3
24.Rfe1 Nc4 25.Nh4 e6 26.Bd3 Rf5 27.Nxf5 exf5 28.Rf1 Nd2 29.Rxf5 Bc8 30.Rf8  1-0

[Event "Novi Sad ol (Men)"]
[Site "Novi Sad"]
[Date "1990.??.??"]
[Round "14"]
[White "Reyes Najera, Carlos A"]
[Black "Marquez, Raul"]
[Result "0-1"]
[WhiteElo "2240"]
[BlackElo "2255"]

1.e4 g6 2.d4 Bg7 3.Nc3 d6 4.Be3 a6 5.Qd2 b5 6.f3 Nd7 7.h4 h5 8.Nh3 c5 9.Ng5 cxd4
10.Bxd4 Ngf6 11.O-O-O Bb7 12.f4 Qc7 13.Be2 e5 14.Be3 b4 15.Nd5 Bxd5 16.exd5 O-O
17.Rhf1 Rfc8 18.Kb1 a5 19.f5 gxf5 20.Rxf5 a4 21.Bb5 b3 22.Bc6 Nb8 23.Rdf1 Nxc6
24.Rxf6 Bxf6 25.Rxf6 Nd8 26.c3 bxa2+ 27.Ka1 a3 28.bxa3 Qxc3+ 29.Qxc3 Rxc3
30.Bb6 Raxa3 31.Rf1 Nb7 32.Nxf7 Rcb3  0-1

[Event "Ostend op"]
[Site "Ostend"]
[Date "1990.??.??"]
[Round "?"]
[White "Hebden, Mark"]
[Black "Hennigan, Michael"]
[Result "1-0"]
[WhiteElo "2530"]
[BlackElo "2355"]

1.e4 g6 2.Nc3 Bg7 3.d4 d6 4.Be3 Nf6 5.Nf3 c6 6.Qd2 Qa5 7.h3 O-O 8.Bd3 Nbd7
9.O-O e5 10.a4 Re8 11.Rfe1 exd4 12.Nxd4 Nc5 13.Nf3 Nxd3 14.cxd3 Be6 15.Bd4 c5
16.Bxf6 Bxf6 17.Nd5 Qd8 18.Nxf6+ Qxf6 19.Re3 b6 20.d4 a6 21.Rae1 Ra7 22.b4 cxd4
23.Nxd4 Rc7 24.Nxe6 Rxe6 25.Rd3 Qe7 26.f3 Rc4 27.Rc1 Rxc1+ 28.Qxc1 Qd7 29.Qc2 Re8
30.Qd1 Rd8 31.Rd5 f6 32.Qd4 Qc6 33.Qxf6 Rd7 34.b5 axb5 35.axb5 Qc1+ 36.Kh2 Rf7
37.Qxd6 Qe3 38.Rd3 Qg5 39.Qd8+ Qxd8 40.Rxd8+  1-0

[Event "Paris-ch"]
[Site "Paris"]
[Date "1990.??.??"]
[Round "?"]
[White "Gallagher, Joseph G"]
[Black "Todorcevic, Miodrag"]
[Result "1/2-1/2"]
[WhiteElo "2470"]
[BlackElo "2550"]

1.e4 g6 2.d4 Bg7 3.Nc3 d6 4.Nf3 Nf6 5.Be3 c6 6.Qd2 Ng4 7.Bg5 h6 8.Bh4 O-O
9.h3 Nf6 10.Bd3 Qc7 11.O-O Nbd7 12.a4 a5 13.Rad1 e5 14.Bc4 Re8 15.Rfe1 Nh5
16.d5 c5 17.Nb5 Qb8 18.Nh2 Nb6 19.Bf1 g5 20.Bg3 f5 21.exf5 Bxf5 22.Be2 Nxg3
23.fxg3 e4 24.Bg4 Nc4 25.Qe2 Bxg4 26.Nxg4 Nxb2 27.Ra1 c4 28.Rf1 Qd8 29.Nxh6+ Bxh6
30.Qh5 Bg7 31.Qf7+ Kh8 32.Qh5+ Kg8 33.Qf7+ Kh8 34.Qh5+  1/2-1/2

[Event "Paris-ch"]
[Site "Paris"]
[Date "1990.??.??"]
[Round "?"]
[White "Lanka, Zigurds"]
[Black "Rashkovsky, Nukhim N"]
[Result "1-0"]
[WhiteElo "2480"]
[BlackElo "2540"]

1.e4 g6 2.d4 Bg7 3.Nc3 d6 4.f4 c6 5.Nf3 b5 6.Bd3 Nd7 7.e5 Nb6 8.a4 b4 9.Ne4 Nh6
10.a5 Nd5 11.Bd2 O-O 12.h3 f6 13.exd6 exd6 14.O-O Kh8 15.Re1 Ng8 16.c4 bxc3
17.bxc3 f5 18.Nf2 Ngf6 19.Qa4 Qd7 20.c4 Nc7 21.c5 Ncd5 22.Rac1 Nh5 23.cxd6 Nhxf4
24.Bxf4 Nxf4 25.Qa3 Qd8 26.Re7 Be6 27.Rxc6 Rc8 28.Rcc7 Rxc7 29.dxc7 Qd5 30.Ba6 Qc6
31.Rxe6  1-0

[Event "Paris-ch"]
[Site "Paris"]
[Date "1990.??.??"]
[Round "?"]
[White "Dunnington, Angus J"]
[Black "Todorcevic, Miodrag"]
[Result "0-1"]
[WhiteElo "2370"]
[BlackElo "2550"]

1.d4 g6 2.e4 Bg7 3.Nc3 d6 4.Nf3 Nf6 5.Be2 O-O 6.O-O c6 7.a4 a5 8.Be3 Nbd7
9.Qd2 Qc7 10.Bh6 e5 11.Bxg7 Kxg7 12.Rad1 Re8 13.d5 Nc5 14.dxc6 Ncxe4 15.Nxe4 Nxe4
16.Qd3 f5 17.Nd2 Nc5 18.Qa3 Be6 19.cxb7 Nxb7 20.Bb5 Re7 21.c4 Rf8 22.b4 axb4
23.Qxb4 e4 24.Rfe1 Nc5 25.Nb3 Nd3 26.Qc3+ Rf6 27.Re3 d5 28.c5 Ne5 29.Nd4 Bf7
30.f4 Ng4 31.Rg3 Qxf4 32.h3 e3 33.Ne2 Qf2+ 34.Kh1 Nh6 35.Qa1 Be8 36.c6 Bxc6
37.Bxc6 Qxe2 38.Rxd5 Qf2 39.Rd6 Ng8 40.Rf3 Qh4 41.Rd7 f4 42.Qe5 Rxd7 43.Bxd7 Nh6
44.g3 Nf7 45.Qe4 Qh5 46.Bg4 Qc5 47.Rxf4 Qc1+ 48.Kh2 Rd6 49.Bf3 Qd2+ 50.Bg2 Rf6
51.Qd4 Qxd4 52.Rxd4 Re6 53.Rd1 Ne5 54.Be4 Nc4 55.Bf3 Rf6 56.Bd5 e2 57.Re1 Ne3
58.Rxe2 Nxd5 59.a5 Ra6 60.Ra2 Ne7  0-1

[Event "Paris-ch"]
[Site "Paris"]
[Date "1990.??.??"]
[Round "?"]
[White "Chevallier, Didier"]
[Black "Bernard, Christophe"]
[Result "1/2-1/2"]
[WhiteElo "2255"]
[BlackElo "2340"]

1.e4 g6 2.d4 d6 3.Nc3 Bg7 4.Nge2 Nf6 5.g3 O-O 6.Bg2 c5 7.O-O cxd4 8.Nxd4 Bg4
9.f3 Bd7 10.Be3 Nc6 11.Qd2 Rc8 12.Kh1 a6 13.Nde2 b5 14.Bh6 Bxh6 15.Qxh6 b4
16.Nd5 Nxd5 17.exd5 Ne5 18.Qd2 Nc4 19.Qd4 Qb6 20.Rfe1 Rfe8 21.b3 Qxd4 22.Nxd4 Nb6
23.f4 Rc5 24.Nc6 Nxd5 25.Bxd5 Bxc6 26.Bxc6 Rxc6 27.a3 Rxc2 28.axb4 Rc6 29.Ra5 Kf8
30.b5 Rc5 31.Rxa6 Rxb5 32.Rb1 Reb8 33.Ra3 Rb4 34.Kg2 Rc8 35.Rb2 Rc3 36.Kf2 h5
37.Ke2 Rc5 38.Kd3 e5 39.fxe5 dxe5 40.Ra4 e4+ 41.Kd2 Rxa4 42.bxa4 Ke7 43.Ke3 f5
44.Rb6 Rc2 45.Rxg6 Rxh2 46.a5 Ra2 47.a6 Kf7 48.Rh6 Kg7 49.Rb6  1/2-1/2

[Event "Paris-ch"]
[Site "Paris"]
[Date "1990.??.??"]
[Round "?"]
[White "Boulard, Eric"]
[Black "Bernard, Christophe"]
[Result "0-1"]
[WhiteElo "2255"]
[BlackElo "2340"]

1.e4 d6 2.d4 g6 3.Nc3 Bg7 4.Be3 c6 5.Qd2 Nd7 6.O-O-O b5 7.Bd3 Qc7 8.h4 h5
9.Nh3 Ngf6 10.f3 Nb6 11.e5 Nfd5 12.exd6 exd6 13.Rde1 Bxh3 14.Bh6+ Kf8 15.Bxg7+ Kxg7
16.Rxh3 Nxc3 17.Qxc3 Nd5 18.Qd2 Rae8 19.Rhh1 Rxe1+ 20.Rxe1 Qd8 21.g3 Re8
22.Rxe8 Qxe8 23.Qe2 Qxe2 24.Bxe2 f5 25.c4 bxc4 26.Bxc4 f4 27.gxf4 Nxf4 28.b4 d5
29.Ba6 Ne6 30.Bb7 Nxd4 31.b5 cxb5 32.Bxd5 Nf5 33.Kd2 Nxh4 34.Kc3 Ng2 35.Kb4 Nf4
36.Bc6 h4 37.Bd7 h3 38.Bxh3 Nxh3 39.Kxb5 Ng5 40.f4 Ne6 41.Ka6 Nxf4 42.Kxa7 g5
43.a4 Nd5 44.a5  0-1

[Event "World op"]
[Site "Philadelphia"]
[Date "1990.??.??"]
[Round "?"]
[White "Sherzer, Alex"]
[Black "Zlotnikov, Mikhail"]
[Result "1-0"]
[WhiteElo "2440"]
[BlackElo "2315"]

1.e4 g6 2.d4 Bg7 3.Nc3 d6 4.h4 h5 5.Nf3 c6 6.Ng5 Qb6 7.Bc4 Nh6 8.d5 Nd7 9.dxc6 bxc6
10.O-O Ne5 11.Bb3 Ba6 12.Be3 Qc7 13.Re1 Neg4 14.Bd4 e5 15.Be3 Nxe3 16.Rxe3 O-O
17.Rg3 Qe7 18.Nxf7 Rxf7 19.Rxg6 Kh7 20.Bxf7 Qxf7 21.Rxd6 Rf8 22.Qd2 Ng4 23.Rd7 Qxf2+
24.Qxf2 Rxf2 25.Rxa7 Bc4 26.a4 Rxc2 27.a5 Ne3 28.a6 Nxg2 29.Kh1 Ne3 30.Rxg7+ Kxg7
31.a7  1-0

[Event "World op"]
[Site "Philadelphia"]
[Date "1990.??.??"]
[Round "4"]
[White "Tseshkovsky, Vitaly"]
[Black "Zlotnikov, Mikhail"]
[Result "1-0"]
[WhiteElo "2490"]
[BlackElo "2315"]

1.e4 g6 2.d4 Bg7 3.Nc3 d6 4.f4 c6 5.Nf3 Nf6 6.Bd3 O-O 7.O-O Qb6 8.Kh1 Bg4
9.e5 Nfd7 10.Ne4 Bxf3 11.Qxf3 Qxd4 12.Be3 Qd5 13.exd6 exd6 14.Rad1 Re8 15.c4 Qe6
16.Bc1 f5 17.Ng5 Qf6 18.g4 Nc5 19.Bb1 h6 20.gxf5 gxf5 21.Qh5 Re7 22.Nf3 Ne4
23.Nh4 Rf7 24.Nxf5 Qxf5 25.Qxf5 Rxf5 26.Bxe4 Rf6 27.b3 Kf7 28.Bf3 Ke7 29.Be2 Rf7
30.Rfe1 Kd7 31.Bh5  1-0

[Event "World op"]
[Site "Philadelphia"]
[Date "1990.??.??"]
[Round "5"]
[White "Dvorietzky, Mark I"]
[Black "Chase, Christopher"]
[Result "1/2-1/2"]
[WhiteElo "2470"]
[BlackElo "2280"]

1.e4 g6 2.d4 Bg7 3.Nc3 d6 4.f4 c6 5.Nf3 Bg4 6.Be3 Qb6 7.Qd3 Nf6 8.O-O-O d5
9.e5 Ne4 10.Ne2 Bf5 11.Qa3 Bf8 12.Nd2 e6 13.Qb3 Nxd2 14.Rxd2 Qxb3 15.axb3 Nd7
16.Ng3 a5 17.Nxf5 gxf5 18.c3 Be7 19.Be2 a4 20.bxa4 Rxa4 21.Kc2 Nb6 22.b3 Ra3
23.Kb2 Kd7 24.Ra1 Rha8 25.Rxa3 Bxa3+ 26.Kb1 Be7 27.g4 fxg4 28.Bxg4 Rg8 29.Bh3 Nc8
30.f5 Bh4 31.f6 Rg6 32.Rg2 Na7 33.Kc2 c5 34.dxc5 Nc6 35.Bf4 d4 36.cxd4 Nxd4+
37.Kb2 Be1 38.Ka3 Nb5+ 39.Kb2 Nd4 40.Rxg6 hxg6 41.Bg2 Bb4 42.Bxb7 Bxc5 43.h3 Nb5
44.Bh2 Bb4 45.Be4 Nd4 46.Bg2 Kc7 47.Bf4 Ne2 48.Bh2 Nd4 49.Bf1 Nf3 50.Bg3 Bc5
51.Bb5 Bd4+ 52.Kc2 Bxe5 53.Bxe5+ Nxe5 54.Kc3 g5 55.Kd4 Kd6 56.Be8 g4 57.hxg4 Nxg4
58.Bxf7  1/2-1/2

[Event "World op"]
[Site "Philadelphia"]
[Date "1990.??.??"]
[Round "8"]
[White "Silman, Jeremy D"]
[Black "Delaune, Richard K"]
[Result "0-1"]
[WhiteElo "2390"]
[BlackElo "2360"]

1.d4 g6 2.e4 Bg7 3.Nc3 d6 4.f4 Nf6 5.Nf3 O-O 6.Bd3 Na6 7.O-O c5 8.d5 Rb8
9.a4 b6 10.Kh1 Nc7 11.Qe1 a6 12.Qh4 b5 13.f5 gxf5 14.Bh6 b4 15.Ne2 c4 16.Bxc4 Nxe4
17.Ng5 Bxh6 18.Qxh6 Nxg5 19.Qxg5+ Kh8 20.Nd4 e5 21.Qxd8 Rxd8 22.Nc6 Bd7 23.Nxd8 Rxd8
24.a5 Rg8 25.h3 f4 26.Rf2 Bf5 27.Ra4 Rb8 28.Kh2 Be4 29.Rd2 h5 30.Ra1 h4 31.Ra4 f5
32.Kg1 Kg7 33.Kf2 Kf6 34.Bb3 Ke7 35.Bc4 Kd7 36.Bb3 Rb5 37.Bc4 Rc5 38.Rxb4 Bxd5
39.Bxd5 Nxd5 40.Rb7+ Kc6 41.Rf7 e4 42.Re2 Ne3 43.c3 Rxa5 44.Rd2 Ra2 45.Rh7 Nc4
46.Rc2 Ne3 47.Rd2 Nc4 48.Rc2 Ne5 49.Rxh4 Nd3+ 50.Ke2 Ra1 51.Rh5 Rg1 52.Rxf5 Rxg2+
53.Kd1 Nxb2+ 54.Kc1 Nd3+ 55.Kb1 Rg1+ 56.Ka2 f3 57.Kb3 f2 58.Rcxf2 Nxf2 59.Rxf2 Kd5
60.Rh2 e3  0-1

[Event "Pinar del Rio zt"]
[Site "Pinar del Rio"]
[Date "1990.??.??"]
[Round "2"]
[White "Diaz, Joaquin C"]
[Black "Hook, William"]
[Result "1-0"]
[WhiteElo "2410"]
[BlackElo "2215"]

1.e4 d6 2.d4 g6 3.Nc3 Bg7 4.f4 Nf6 5.Nf3 O-O 6.Bd3 Bg4 7.e5 Ne8 8.h3 Bxf3
9.Qxf3 Nd7 10.Be3 c5 11.O-O-O cxd4 12.Bxd4 dxe5 13.fxe5 Bxe5 14.Bxg6 hxg6
15.Bxe5 Qc8 16.Bf4 Ng7 17.Rhe1 Ne6 18.Bh6 Re8 19.Rd2 Nf6 20.Ne4 Nxe4 21.Rxe4 Qc6
22.Rf2 f5 23.Re5 Qxf3 24.Rxf3 Nd8 25.g4 Nf7 26.Re6 fxg4 27.Rxg6+ Kh7 28.Rg7+ Kxh6
29.Rfxf7 gxh3 30.Rg3 h2 31.Rh3+ Kg6 32.Rf2 Kg5 33.Rhxh2 Rf8 34.Rfg2+ Kf5
35.Re2 Rae8 36.Rhf2+ Kg6 37.Rxf8 Rxf8 38.Rxe7 Rb8 39.Kd2 Kf6 40.Re3 Rd8+
41.Kc3 Rd7 42.Re2 Rh7 43.Kb4 Kf7 44.c4 Rh5 45.c5 Rh4+ 46.Ka5 Rh5 47.b4 Kf8
48.a4 Kf7 49.Re4 Kf8 50.Kb5 Kf7 51.Kc4 a6 52.b5 axb5+ 53.axb5 Rg5 54.Kb4  1-0

[Event "URS-chT"]
[Site "Podolsk"]
[Date "1990.??.??"]
[Round "?"]
[White "Meister, Yakov"]
[Black "Krasenkow, Michal"]
[Result "1-0"]
[WhiteElo "2395"]
[BlackElo "2545"]

1.e4 g6 2.d4 Bg7 3.Nc3 d6 4.Be3 c6 5.Qd2 b5 6.Bd3 Nd7 7.Nf3 Nb6 8.b3 Bg4
9.a4 b4 10.Ne2 a5 11.h3 Bd7 12.Rd1 Nf6 13.Ng3 O-O 14.O-O Qb8 15.Bh6 Kh8 16.Rfe1 Bxh6
17.Qxh6 Ng8 18.Qh4 e5 19.dxe5 dxe5 20.Nf1 Ra7 21.Ne3 f6 22.Nc4 Be6 23.Nxb6 Qxb6
24.Nd2 Rd7 25.Bc4 Qd8 26.Bxe6 Rxd2 27.Qg4 Qd4 28.Rxd2 Qxd2 29.Rd1 Qxc2 30.Rd7 f5
31.exf5 Nf6 32.fxg6 Qb1+ 33.Rd1 Qxg6 34.Qxg6 hxg6 35.Rc1 Ne4 36.Rxc6 Nxf2
37.Bc4 Ne4 38.Rxg6 Nd2 39.Re6 e4 40.Re5 Rc8 41.Bd5 Rc3 42.Bxe4 Nxb3 43.Rb5 Nc5
44.Bf5 b3 45.Rxa5 b2 46.Rb5 Nxa4 47.Rb4 Ra3 48.Rb7 Ra2 49.Kh2 Nc3 50.Bc2 Nd5
51.Bb1 Ra3 52.Rxb2 Ne3 53.Be4 Kg7 54.Bf3 Nf5 55.Rf2 Kh6 56.Be4 Ne3 57.Rf3 Kg5
58.Kg1 Kh4 59.Kh2 Kg5 60.Rf2 Ra4 61.Bd3 Rd4 62.Ba6 Ra4 63.Bc8 Rc4 64.Rf8 Rc2
65.Bb7 Rb2 66.Ba8 Ra2 67.Re8 Nf5 68.Rg8+ Kf4 69.Rg4+ Ke5 70.Bf3 Rd2 71.Re4+ Kf6
72.Bg4 Nd6 73.Re3 Rd4 74.Be2 Nf5 75.Rf3 Kg5 76.Bd3 Ne7 77.g3 Nd5 78.h4+ Kh6
79.Kh3 Kg7 80.Bf5 Ne7 81.g4 Nd5 82.Kg3 Nf6 83.Ra3 Rb4 84.Ra7+ Kg8 85.h5  1-0

[Event "URS-ch (Women)"]
[Site "Podolsk"]
[Date "1990.??.??"]
[Round "14"]
[White "Stepovaia Dianchenko, Tatiana"]
[Black "Janjgava, Natia"]
[Result "1-0"]
[WhiteElo "2290"]
[BlackElo "2145"]

1.e4 g6 2.d4 Bg7 3.Nc3 d6 4.Be3 c6 5.Qd2 b5 6.f3 a6 7.Bd3 Nd7 8.Nd1 e5 9.c3 Bh6
10.Bxh6 Qh4+ 11.Nf2 Qxh6 12.Qxh6 Nxh6 13.h4 f6 14.Ne2 Nb6 15.O-O-O Be6 16.dxe5 fxe5
17.Bc2 O-O-O 18.Bb3 Nc4 19.Ng3 Kc7 20.Rhe1 a5 21.Bxc4 Bxc4 22.b3 Be6 23.Kb2 Ra8
24.a3 Ra7 25.Nf1 Rha8 26.Ne3 Rf8 27.Rd2 Raa8 28.Red1 Rad8 29.Nd3 Rd7 30.Rc1 Nf7
31.g3 Nd8 32.f4 exf4 33.Nxf4 Bg8 34.c4 bxc4 35.Nxc4 Nb7 36.e5 Rfd8 37.exd6+ Nxd6
38.Nxa5 Nc4+ 39.Nxc4 Rxd2+ 40.Nxd2 Rxd2+ 41.Rc2 Rd1 42.Re2 Rg1 43.Re3 Kb6
44.Kc3 Ra1 45.Re8 Bd5 46.Nxd5+ cxd5 47.a4 Kc5 48.b4+ Kc6 49.b5+ Kd7 50.Ra8 Ra3+
51.Kb4 Rxg3 52.Kc5 d4 53.Kxd4 Rg4+ 54.Kc5 Rxh4 55.Ra7+ Kc8 56.a5 Kb8 57.Rg7 Rf4
58.Rg8+ Ka7 59.b6+ Ka6 60.Ra8+ Kb7 61.Ra7+ Kb8 62.Rxh7 Rf5+ 63.Kc6 Rf6+ 64.Kb5 Rf5+
65.Ka6 Rf8 66.Rb7+ Ka8 67.Rc7 Kb8 68.Rc6 g5 69.b7  1-0

[Event "RLPF-chA"]
[Site "Polch"]
[Date "1990.??.??"]
[Round "?"]
[White "Christoffel, Ulrich"]
[Black "Winand, Edgar"]
[Result "1-0"]
[WhiteElo "2080"]
[BlackElo "1900"]

1.e4 d6 2.d4 g6 3.Nc3 Bg7 4.Bg5 c6 5.Qd2 h6 6.Be3 Nd7 7.f4 e6 8.Nf3 Ne7 9.Bd3 b6
10.O-O-O d5 11.g4 dxe4 12.Nxe4 O-O 13.Ne5 Qc7 14.h4 Nd5 15.h5 f5 16.Nf2 Nxe5
17.dxe5 Nxe3 18.Qxe3 g5 19.gxf5 gxf4 20.Qxf4 exf5 21.Rhg1 Be6 22.Qxh6 Qxe5
23.Rxg7+ Qxg7 24.Qxe6+ Qf7 25.Qh6 Qh7 26.Rg1+ Kh8 27.Qxc6 Rac8 28.Qd6 Rce8
29.Qd4+  1-0

[Event "RLPF-chA"]
[Site "Polch"]
[Date "1990.??.??"]
[Round "?"]
[White "Denda, Ronald"]
[Black "Winand, Edgar"]
[Result "1-0"]
[WhiteElo "2030"]
[BlackElo "1900"]

1.e4 d6 2.d4 g6 3.Nc3 Bg7 4.Bg5 c6 5.Bc4 Qc7 6.Nge2 Nd7 7.Bb3 Ngf6 8.O-O O-O
9.a4 a6 10.Qd2 e5 11.Rad1 Re8 12.dxe5 dxe5 13.Qd6 Qa5 14.h3 Bf8 15.Qd2 Qb4
16.Qe3 Be7 17.Qf3 Kg7 18.Ng3 Nf8 19.Bd2 Qb6 20.Be3 Qa5 21.Bd2 Qc7 22.Qe3 Be6
23.Nce2 b6 24.Kh2 Bxb3 25.Qxb3 Ne6 26.f4 Bd6 27.f5 Nf4 28.Qf3 g5 29.Nh1 h5
30.Be3 g4 31.Qf2 Nxe4 32.Qe1 Nxe2 33.Qxe2 Nf6 34.Qd2 Ne4 35.f6+ Kh8 36.Qd3 g3+
37.Kg1 Nf2 38.Qf5 Bf8 39.Qxh5+ Kg8 40.Bh6 Rad8 41.Bxf8 Rxd1 42.Qg5+  1-0

[Event "RLPF-chA"]
[Site "Polch"]
[Date "1990.??.??"]
[Round "?"]
[White "Mueller, Georg"]
[Black "Winand, Edgar"]
[Result "1-0"]
[WhiteElo "1945"]
[BlackElo "1900"]

1.e4 d6 2.d4 g6 3.Nc3 Bg7 4.Be3 Nf6 5.f3 O-O 6.Bc4 Nc6 7.Nge2 e5 8.d5 Ne7
9.Qd2 Re8 10.Ng3 Bd7 11.Bh6 Bh8 12.O-O-O a6 13.h4 b5 14.Bb3 Nc8 15.h5 Nb6
16.Rh2 b4 17.Nb1 a5 18.a3 Rb8 19.axb4 axb4 20.Rdh1 Re7 21.Qg5 Ne8 22.Qe3 f6
23.hxg6 hxg6 24.Bf8 Bg7 25.Bxe7 Qxe7 26.Rh7 Qf8 27.Ne2 Bb5 28.Kd2 Ra8 29.Qf2 Ra1
30.Qh4 Kf7 31.f4 Bxe2 32.Kxe2 Qg8 33.fxe5 Ke7 34.exf6+ Nxf6 35.e5 Kd8 36.exf6 Qe8+
37.Kd2  1-0

[Event "RLPF-chA"]
[Site "Polch"]
[Date "1990.??.??"]
[Round "?"]
[White "Wagner, Hans"]
[Black "Jacobs, A."]
[Result "1/2-1/2"]
[WhiteElo "2075"]
[BlackElo "1975"]

1.e4 g6 2.d4 Bg7 3.Nc3 d6 4.Nf3 Nf6 5.Be2 O-O 6.O-O c5 7.d5 Nbd7 8.Bf4 Ng4
9.Qd2 Nge5 10.Nxe5 Nxe5 11.Bh6 Bd7 12.Bxg7 Kxg7 13.a4 Qa5 14.h3 f5 15.f4 Nf7
16.exf5  1/2-1/2

[Event "RLPF-chC"]
[Site "Polch"]
[Date "1990.??.??"]
[Round "?"]
[White "Braemigk, Uwe"]
[Black "Weissgerber, Peter"]
[Result "1-0"]
[WhiteElo "1950"]
[BlackElo "1715"]

1.e4 g6 2.d4 d6 3.Nc3 Bg7 4.Bc4 e6 5.Nf3 h6 6.O-O Ne7 7.Re1 Nd7 8.Be3 b6
9.Qd2 Bb7 10.Bb3 a6 11.a4 Rc8 12.Rad1 Nf6 13.Bf4 g5 14.Bg3 O-O 15.h3 Ng6
16.Qe2 Qe8 17.Nd2 e5 18.dxe5 dxe5 19.Nf1 Kh8 20.Bh2 Nd7 21.Ne3 Nc5 22.Bd5 Bxd5
23.exd5 Nf4 24.Qg4 f6 25.Bxf4 exf4 26.Nf5 h5 27.Qf3 Qg6 28.Ne7 Qh6 29.Nxc8 Rxc8
30.d6 f5 31.d7 Nxd7 32.Rxd7 g4 33.hxg4 hxg4 34.Qd3 Rf8 35.Ree7 Rg8 36.Qxf5 f3
37.Rxg7 Rxg7 38.Qf8+ Kh7 39.Qxg7+ Qxg7 40.Rxg7+ Kxg7 41.gxf3 gxf3 42.Nd5  1-0

[Event "RLPF-chC"]
[Site "Polch"]
[Date "1990.??.??"]
[Round "?"]
[White "Braemigk, Uwe"]
[Black "Bilitza, Alwin"]
[Result "1/2-1/2"]
[WhiteElo "1950"]
[BlackElo "1915"]

1.e4 d6 2.d4 g6 3.Nc3 Bg7 4.Be3 Nf6 5.f3 O-O 6.Qd2 e5 7.Nge2 Nc6 8.O-O-O exd4
9.Nxd4 Nxd4 10.Bxd4 Ne8 11.Bxg7 Nxg7 12.h4 Ne6 13.Bc4 Bd7 14.e5 Qe8 15.Nd5 Kg7
16.h5 Rh8 17.hxg6 hxg6 18.Nf6 Qe7 19.Bxe6 Qxe6 20.Rxh8 Rxh8 21.Nxd7 Qxd7
22.exd6 cxd6 23.Qf4 Qe6 24.Qxd6 Qxd6 25.Rxd6 Rh1+ 26.Rd1 Rh2 27.Rg1 Kf6 28.Kd2 Rh8
29.c4 Kf5 30.Re1 Kf4 31.Re7 f5 32.Rxb7 Rh2 33.c5 Rxg2+ 34.Kd3 Rg1 35.c6 Rc1
36.Rb4+ Kxf3 37.Rc4 Rd1+ 38.Kc2 Rd8 39.b4 g5 40.Rc5 Ke4 41.c7 Rc8 42.Kd2 f4
43.Ke2 f3+ 44.Kf2 Kf4 45.Rc4+ Ke5 46.Kxf3 Kd6 47.Rc5 Rxc7  1/2-1/2

[Event "RLPF-chC"]
[Site "Polch"]
[Date "1990.??.??"]
[Round "?"]
[White "Schwab, Thomas"]
[Black "Weissgerber, Peter"]
[Result "1-0"]
[WhiteElo "1995"]
[BlackElo "1715"]

1.e4 g6 2.d4 d6 3.Nc3 Bg7 4.Bc4 e6 5.Nf3 Nd7 6.Bg5 Ne7 7.Qd2 h6 8.Bh4 b6
9.O-O-O Bb7 10.Rhe1 a6 11.Ng1 Nf8 12.f4 Qd7 13.Nf3 O-O-O 14.Qe2 g5 15.fxg5 hxg5
16.Bxg5 f6 17.Be3 b5 18.Bb3 Nc6 19.a3 Na5 20.Ba2 d5 21.exd5 Bxd5 22.Nxd5 exd5
23.Bd2 Bh6 24.Bxh6 Rxh6 25.Qd2 Rh7 26.Qxa5 Qc6 27.Rd3 Ne6 28.Rde3 Nf4 29.g3 Nh5
30.Re6 Rd6 31.Rxd6 Qxd6 32.a4 Re7 33.Rxe7 Qxe7 34.Qxa6+ Kb8 35.Bxd5 Qe3+
36.Kb1  1-0

[Event "Prague Mladi op"]
[Site "Prague"]
[Date "1990.??.??"]
[Round "6"]
[White "Yuneev, Alexey"]
[Black "Cybulak, Adam"]
[Result "1-0"]
[WhiteElo "2380"]
[BlackElo "2265"]

1.d4 g6 2.e4 Bg7 3.Nc3 d6 4.Bg5 Nf6 5.Qd2 h6 6.Be3 Ng4 7.Bf4 e5 8.dxe5 dxe5
9.Qxd8+ Kxd8 10.Bg3 h5 11.Nf3 f6 12.Rd1+ Nd7 13.Nh4 g5 14.Nf5 Rh7 15.h4 Bh8
16.hxg5 fxg5 17.Be2 Nf6 18.Bxe5 c6 19.Bxf6+ Bxf6 20.Rxh5 Rxh5 21.Bxh5 Kc7
22.Nd6 Be5 23.Nxc8 Rxc8 24.Rxd7+ Kxd7 25.Bg4+ Kd8 26.Bxc8  1-0

[Event "Ptuj"]
[Site "Ptuj"]
[Date "1990.??.??"]
[Round "?"]
[White "Crepan, Marjan"]
[Black "Orel, Oskar"]
[Result "1/2-1/2"]
[WhiteElo "2365"]
[BlackElo "2340"]

1.e4 g6 2.d4 Bg7 3.Nc3 d6 4.Be2 Nf6 5.Bg5 c5 6.dxc5 Qa5 7.Qd2 Qxc5 8.Nf3 Nc6
9.a3 Qa5 10.O-O Bg4 11.b4 Qd8 12.Rad1 O-O 13.Qe3 Qc8 14.Bxf6 Bxf6 15.Nd5 Rd8
16.Ne1 Bxe2 17.Qxe2 Bg7 18.b5 e6 19.bxc6 exd5 20.cxb7 Qxb7 21.Rxd5 Rac8 22.f4 Re8
23.Qf3 Rc3 24.Nd3 Rxc2 25.f5 Rc4 26.fxg6 hxg6 27.e5 dxe5 28.Rxe5 Qd7 29.Rxe8+ Qxe8
30.Re1 Qd7 31.Nb4 Rc3 32.Qa8+ Rc8 33.Qf3 Rc3 34.Qa8+ Rc8 35.Qf3  1/2-1/2

[Event "CRO-Cup"]
[Site "Pula"]
[Date "1990.??.??"]
[Round "?"]
[White "Miljanic, Boro"]
[Black "Todorcevic, Miodrag"]
[Result "0-1"]
[WhiteElo "2385"]
[BlackElo "2550"]

1.e4 g6 2.d4 Bg7 3.Nc3 d6 4.Be3 c6 5.Qd2 Nd7 6.f3 b5 7.h4 h5 8.Nh3 Ngf6 9.Nf2 a6
10.O-O-O Qc7 11.g4 Nb6 12.g5 Nfd7 13.f4 b4 14.Nb1 c5 15.dxc5 dxc5 16.e5 Bb7
17.Rg1 O-O 18.c4 Rfd8 19.Qc2 Nf8 20.Bh3 a5 21.Rxd8 Rxd8 22.Rd1 Rxd1+ 23.Kxd1 f6
24.exf6 exf6 25.Ne4 Bxe4 26.Qxe4 f5 27.Qd3 Bxb2 28.Nd2 Bg7 29.Bg2 Kh7 30.Bd5 a4
31.Ke2 Nfd7 32.Be6 Qc6 33.Bd5 Nxd5 34.cxd5 Qb7 35.Qc4 Qb6 36.Kd1 Qa5 37.d6 b3
38.Qf7 Qc3  0-1

[Event "CRO-Cup"]
[Site "Pula"]
[Date "1990.??.??"]
[Round "?"]
[White "Vujosevic, Vladimir"]
[Black "Bujupi, Fatmir"]
[Result "1/2-1/2"]
[WhiteElo "2340"]
[BlackElo "2240"]

1.e4 g6 2.d4 Bg7 3.Nc3 d6 4.Be3 Nf6 5.Qd2 c6 6.f3 Nbd7 7.Bh6 Bxh6 8.Qxh6 Qa5
9.O-O-O b5 10.Kb1 b4 11.Nce2 Ba6 12.Nh3 c5 13.dxc5 Qxc5 14.Nd4 Bxf1 15.Rhxf1 Rc8
16.Rd2 a5 17.Rfd1 a4 18.Ne2 Ne5 19.b3 a3 20.c3 Nc6 21.c4 Qe5 22.Nhf4 Nd7
23.Nd4 Nxd4 24.Rxd4 Nc5 25.Nd5 Ne6 26.R4d2 Rb8 27.h4 Rb7 28.Qe3 Nc5 29.Qf4 Qxf4
30.Nxf4 O-O 31.Rd5 f6 32.Nd3 Nxd3 33.R1xd3 Rc8 34.Kc2 Kf7 35.Ra5 Ke6 36.Rdd5 Kd7
37.Kd3 e6 38.Rdb5 Rcc7 39.Rxb7 Rxb7 40.Ra8 e5 41.c5 Rc7 42.Kc4 Rxc5+ 43.Kxb4 Rc2
44.Rxa3 Rxg2 45.Kb5 Rf2 46.b4 h5 47.Kb6 g5 48.hxg5 fxg5 49.b5 h4 50.Ra7+ Ke6
51.a4 Rxf3 52.a5 h3 53.Rh7 g4 54.a6 g3 55.a7 g2 56.a8=Q g1=Q+ 57.Kb7 Rf7+
58.Rxf7 Kxf7 59.Qh8 h2 60.Qh7+ Kf6 61.Qh6+ Kf7 62.Qh7+ Kf6  1/2-1/2